Valladolid en el siglo XIX / (Record no. 66409)

MARC details
000 -LEADER
campo de control de longitud fija 00761nam a2200241 i 4500
001 - NÚMERO DE CONTROL
campo de control 66409
003 - IDENTIFICADOR DE NÚMERO DE CONTROL
campo de control ES-MaACL
005 - FECHA Y HORA DE LA ÚLTIMA TRANSACCIÓN
campo de control 20251010143626.0
007 - CAMPO FIJO DE DESCRIPCIÓN FÍSICA--INFORMACIÓN GENERAL
campo de control de longitud fija t|
008 - DATOS DE LONGITUD FIJA--INFORMACIÓN GENERAL
campo de control de longitud fija 040213s2002 sp ||||1| spa d
020 ## - NÚMERO INTERNACIONAL ESTÁNDAR DEL LIBRO
Número Internacional Estándar del Libro 84-398-4289-9
080 ## - NÚMERO DE LA CLASIFICACIÓN DECIMAL UNIVERSAL
Número de la Clasificación Decimal Universal 94(460.185)"18"
245 00 - MENCIÓN DEL TÍTULO
Título Valladolid en el siglo XIX /
Mención de responsabilidad, etc. Celso Almuiña Fernández...[et al.].
260 ## - PUBLICACIÓN, DISTRIBUCIÓN, ETC.
Lugar de publicación, distribución, etc. Valladolid :
Nombre del editor, distribuidor, etc. Ateneo de Valladolid,
Fecha de publicación, distribución, etc. 1985.
300 ## - DESCRIPCIÓN FÍSICA
Extensión 630 p. :
Otras características físicas il. ;
Dimensiones 22 cm.
490 1# - MENCIÓN DE SERIE
Mención de serie Historia de Valladolid ;
Designación de volumen o secuencia 6
651 #4 - PUNTO DE ACCESO ADICIONAL DE MATERIA--NOMBRE GEOGRÁFICO
Nombre geográfico Valladolid-
Subdivisión general Historia-
Subdivisión cronológica S. XIX.
9 (RLIN) 9507
700 1# - ENTRADA AGREGADA--NOMBRE PERSONAL
Nombre de persona Almuiña, Celso,
Fechas asociadas al nombre 1943-
9 (RLIN) 20165
710 2# - ENTRADA AGREGADA--NOMBRE DE ENTIDAD CORPORATIVA
Nombre de entidad corporativa o nombre de jurisdicción como elemento de entrada Ateneo de Valladolid.
9 (RLIN) 2031
830 0# - PUNTO DE ACCESO ADICIONAL DE SERIE-TÍTULO UNIFORME
Título uniforme Historia de Valladolid ;
Designación de volumen o secuencia 6
9 (RLIN) 182993
852 ## - LOCALIZACIÓN
Ubicación ES-MaACL
Número de control de estantería L-26820
Sublocalización o colección R.132449
Holdings
Estatus retirado Estado de pérdida Estado de daño No para préstamo Biblioteca de origen Biblioteca actual Ubicación en estantería Fecha de adquisición Fuente de adquisición Total de préstamos Signatura topográfica completa Código de barras Visto por última vez Precio de reemplazo Tipo de ítem Koha
        Biblioteca del Ateneo de Madrid Biblioteca del Ateneo de Madrid Depósito 2 17/01/2008     L-26820 1069571 23/02/2023 23/02/2023 Libro impreso